| 000 | 00726 a2200181 4500 | ||
|---|---|---|---|
| 003 | NUST | ||
| 005 | 20230127144910.0 | ||
| 020 | _a0333977017 | ||
| 040 | _cNust | ||
| 082 | _a907.106,CAR | ||
| 100 |
_aCarr, Edward Hallett _93045 |
||
| 245 |
_aWhat is history? / _cE.H. Carr |
||
| 260 |
_bPalgrave _6E.H. Carr _c1986 |
||
| 300 | _a155:p. | ||
| 505 | _aIntroduction (Page-ix), Introductory Note (Page xlvii), Preface to the Second Edition (Page-xlix), The Historian and his Facts (Page-1), Society and the Individual (Page-25), History Science and Morality (Page-50), Causation in History (Page-81), History as Progress (Page-103), The Widening Horizon (Page-128). | ||
| 650 | _aHistory | ||
| 942 |
_2ddc _cBK _k907.1068,CAR |
||
| 999 |
_c186161 _d186161 |
||